Broadway Show Stoppers Quiz Stats

 Plays Quiz Updated Apr 21, 2015

Score 0/30 Timer 08:00
1 Play Today
Type Musical % Correct
Opening NumbersChicago
93.2%
Act One NumbersAnnie
89.3%
First Act FinalesWicked
87.6%
Act Two NumbersEvita
86.7%
Act Two NumbersCats
83.9%
ClosersHairspray
78.3%
Act Two NumbersThe Producers
77.9%
Act One NumbersThe Music Man
77.5%
Act One NumbersWest Side Story
73.3%
First Act FinalesLes Miserables
72.9%
Opening NumbersFiddler On the Roof
71.6%
Opening NumbersCabaret
65%
ClosersHair
64.5%
First Act FinalesDreamgirls
60.4%
First Act FinalesGypsy
58.3%
Type Musical % Correct
ClosersA Chorus Line
56.8%
First Act FinalesThe Who's Tommy
55.1%
Title NumbersThe Phantom of the Opera
50%
ClosersInto the Woods
49.8%
Act Two NumbersSpring Awakening
46.4%
Opening NumbersA Funny Thing Happened On the Way to the Forum
42.7%
Opening NumbersPippin
39.1%
Act One NumbersIn the Heights
38.9%
Title NumbersHello, Dolly!
34.2%
ClosersCompany
32.3%
Title NumbersMame
23.6%
Title NumbersThe Sound of Music
23%
Act Two NumbersMiss Saigon
18.2%
Title NumbersOklahoma!
14.7%
Act One NumbersNine
10.2%

You're not logged in!

Compare scores with friends on all Sporcle quizzes.
OR
Log In

Sporcle TV

Today on Sporcle TV


Watch our educational content, quiz creation guides, and fun videos on Sporcle TV.

Show Comments

Extras

Top Quizzes Today


Score Distribution

Your Account Isn't Verified!

In order to create a playlist on Sporcle, you need to verify the email address you used during registration. Go to your Sporcle Settings to finish the process.

Report this User

Report this user for behavior that violates our Community Guidelines.

Details: